| 000 | 01100nam a2200313 i 4500 | ||
|---|---|---|---|
| 001 | 000021770 | ||
| 003 | DO-SdBNP | ||
| 005 | 20241022133235.0 | ||
| 007 | ta | ||
| 008 | 100913s1997 dr 000 0 spa d | ||
| 040 |
_aDO-SdBNP _bspa _cBNPHU _erda |
||
| 082 | 4 |
_a306.4097293 _bS127a _222 |
|
| 100 | 1 |
_a Sáez , José Luis _d1937- _eautor _9620 |
|
| 245 | 1 | 0 |
_aApuntes para la historia de la cultura dominicana / _cJosé Luis Saez ; presentación, Jorge Cela. |
| 264 |
_aSanto Domingo : _bBúho, _c1997. |
||
| 300 |
_a117 páginas ; _c21 cm. |
||
| 336 |
_2rdacontent _atexto _btxt |
||
| 337 |
_2rdamedia _asin mediación _bn |
||
| 338 |
_2rdacarrier _avolumen _bnc |
||
| 490 |
_aCentro de Estudios Sociales; _v8 |
||
| 500 | _aIncluye notas al final de los capítulos | ||
| 504 | _aBibliografía : p. 87-90 | ||
| 590 | _aInventariado, 2018/MFF | ||
| 650 | 4 |
_aIdentidad cultural _zRepública Dominicana _xHistoria _91951 |
|
| 650 | 4 |
_aCultura _zRepública Dominicana _91983 |
|
| 651 | 4 |
_aRepública Dominicana _xCivilización _97739 |
|
| 910 | _aValidado. Control de calidad MFF | ||
| 942 |
_2ddc _cLBS1 |
||
| 999 |
_c21269 _d21269 |
||